000
nam a22 4500
999
_c
16435
_d
16435
005
20170105103008.0
007
0
008
0
040
_a
DDC
_c
DDC
082
_a
891.4391 BAS
100
_a
Basit Muhammad
245
_a
Intakhab kalaam-e- Ghalib
260
_a
Karachi
_b
Zainab House
_c
2015
300
_a
48
_b
H.B
942
_2
ddc
_c
BK